| 000 | 00944nam a22003017a 4500 | ||
|---|---|---|---|
| 003 | CHAP | ||
| 005 | 20220329143725.0 | ||
| 008 | 110414d1970 mx r 00010 eng d | ||
| 010 | _a100948 | ||
| 011 | _a101920 | ||
| 020 | _a0882751719 | ||
| 035 | _a112608 | ||
| 040 | _cCHAP | ||
| 082 | 0 | 4 |
_a547 _bP21 |
| 100 | 1 |
_aParham, William E. _985551 |
|
| 245 | 1 | 0 |
_aSytheses and reactions in organic chemistry _c/por William E. Parham |
| 260 |
_aHuntington, N.Y. : _bKrieger, _cc1970 |
||
| 300 |
_a547 p. : _bilus. |
||
| 590 |
_aBATCH-UPD _b10 _c20130110 _lUCH01 _h1302 |
||
| 590 |
_aBATCH-UPD _b10 _c20130410 _lUCH01 _h0819 |
||
| 590 |
_aBATCH-UPD _b10 _c20130914 _lUCH01 _h1900 |
||
| 590 |
_aCONVERSION _b10 _c20130109 _lUCH01 _h1356 |
||
| 650 | 1 | 4 |
_aQuímica orgánica. _993598 |
| 650 | 1 | 4 |
_aQuímica orgánica _xExperimentos. _993600 |
| 901 | _aBK | ||
| 942 | _cLIBRO | ||
| 949 |
_a547 P21 1984 _bBC _cLIBRO _d33724002239900 _eLIBRO _h114683 _i112608 _sb |
||
| 999 |
_c100948 _d100948 |
||